Statistics for Ice Ice Baby Lyrics Quiz

Click here to take the quiz!

General Stats

  • This quiz has been taken 30,671 times
  • The average score is 9 of 16

Answer Stats

Lyric % Correct
All right stop collaborate and {listen}
98%
Will it ever {stop} yo I don't know
81%
If there was a {problem} yo I'll solve it
73%
Ice is back with my brand new {invention}
71%
{Something} grabs a hold of me tightly
71%
Anything less than the best is a {felony}
55%
Love it or {leave} {it} you better gangway
55%
{Turn} {off} {the} {lights} and I'll glow
54%
Deadly when I play a dope {melody}
53%
Check out the {hook} while my DJ revolves it
53%
You better hit bull's eye the kid don't {play}
52%
{To} {the} {extreme} I rock a mic like a vandal
51%
I'm killing your {brain} like a poisonous mushroom
47%
Flow like a {harpoon} daily and nightly
44%
Dance go rush to the {speaker} that booms
32%
Light up a stage and {wax} a chump like a candle
31%

Score Distribution

Percentile by Number Answered

Percent of People with Each Score

Your Score History

You have not taken this quiz